00390cam a2200157ua 45000010005000000080039000050400009000440820013000531000026000662450040000922500009001322600041001413000016001826530018001986530016002164092111221n ii |||gr||||Z||||||asm cMAIN a891.4511 aChoudhury, Raghunath,11aNaba malikacby Raghunath Choudhury a6th. aGuwahati:bGunabhiram Choudhury,966. a54p:c23cm. aAssamese poem aNaba malika